Hollyoaks Characters in 2017 Quiz Stats

 Plays Quiz not verified by Sporcle

Challenge
Share
Tweet
Embed
Score 0/109 Timer 10:00
0 Plays Today
Duration Character % Correct
2006-Ste Hay
75.6%
2013-Leela Lomax
73.1%
2013-Grace Black
72.4%
2013-Peri Lomax
71.8%
2013-Tegan Lomax
70.6%
1995-Tony Hutchinson
69.3%
2006–2011, 2016 - November 2017Warren Fox
69.3%
2011-Esther Bloom
69.1%
2015-Simone Loveday
68.4%
2016 - December 2017DS Gavin Armstrong
68.2%
2016-Ryan Knight
67.9%
2012-Sienna Blake
67%
2015-Louis Loveday
67%
2005–2014, 2016 - March​ 2017Amy Barnes
66.6%
1996–1997, 1999–2000, 2003–Darren Osborne
66.1%
2016-Adam Donovan
65.9%
1996-Jack Osborne
65.3%
2006- Myra McQueen
65%
1997–2002, 2004, 2008–10, 2012–Holly Cunningham
65%
2015-Zack Loveday
64.6%
2016-Jesse Donovan
64.6%
1999-Tom Cunningham
64.4%
2016-Lisa Loveday
64.4%
2002 - November 2017Frankie Osborne
64.3%
2015 - December 2017Mac Nightingale
64.1%
2005-Nancy Osborne
63.9%
2015-Cleo McQueen
63.9%
2013-Rose Lomax
63.9%
2007-Leah Barnes
63.4%
2015-Ellie Nightingale
62.6%
1995–2002, 2004, 2008–Cindy Cunningham
62.5%
2014-Kim Butterfield
61.9%
2016 - April 2017Liam Donovan
61.9%
2016-Hunter McQueen
61.9%
2016-Prince McQueen
61.7%
2016-James Nightingale
61.6%
2016-Daniel Lomax
61.6%
Duration Character % Correct
2016-Marnie Nightingale
61.4%
2009-Lucas Hay
61.2%
2006-Mercedes McQueen
60.8%
2015 - November 2017Neeta Kaur
60.6%
2016-Goldie McQueen
60.1%
2006–08, 2012 - March 2017John Paul McQueen
59.9%
2015-Alfie Nightingale
59.7%
2011-Dirk Savage
57.6%
2011–13, 2016–Joel Dexter
57.6%
2013-Dee Dee Hutchinson
57.4%
2010-Diane Hutchinson
55.4%
November 2017Sophie Blake
55%
January 2017-Lily Drinkwell
54.4%
August 2017- Glenn Donovan
54.4%
2012-Maxine Minniver
53.2%
2013-Anthony Hutchinson
53.1%
2015-Scott Drinkwell
52.9%
2015-Sally St. Claire
52.3%
2014-Hilton Cunningham
52.3%
November 2017-Sebastian Blake
52.3%
2007–2009, 2015–Harry Thompson
52%
2013 - April 2017Freddie Roscoe
51.8%
2007–2009, 2012–Merlena 'Nana' McQueen
51.6%
2015 - February 2017Nathan Nightingale
51.4%
1999–2002, July 2017–Luke Morgan
51.2%
2016 - June 2017Nick Savage
50.7%
2010–2013, February 2017 - April 2017Bart McQueen
50.7%
2016-Courtney Campbell
50.5%
2012-Oscar Osborne
50.5%
September 2017-Sami Maalik
48.9%
2006-Charlie Dean
47.8%
2012 - March 2017Matthew McQueen
47.8%
2006–2010, 2016, March 2017 - September 2017Mike Barnes
47.7%
June 2017-Dr. Farrah Maalik
47.4%
2014-Minnie Minniver
47.3%
2014 - January 2017Cameron Campbell
46.2%
July 2017-Damon Kinsella
46.1%
Duration Character % Correct
September 2017-Imran Maalik
46%
2014-DS Geoff Thorpe
44.3%
2005–2008, April 2017 - September 2017Kathy Barnes
44.2%
1996–2008, 2010–2011, July 2017–Mandy Richardson
43.3%
2015-Steph Cunningham-Lomax
43%
2016, April 2017Lexi Roscoe
42.7%
July 2017-Brody Hudson
42.1%
February 2017-Carmina McQueen
41.9%
April 2017-Yasmine Maalik
41.7%
March 2017-Darcy Wilde
41.6%
2016 - September 2017Tracey Donovan
41.3%
May 2017-Dr. Misbah Maalik
40.8%
April 2017-Toby Wilde
38.9%
2016 - January 2017Eva Falco
38.1%
July 2017-Granny Campbell
38%
2008, August 2017-Ella Richardson
37.3%
July 2017Marcus
36.5%
June 2017-Milo Entwistle
36.4%
2015-Curtis Royle
36.1%
2010–2011, 2013–2015, February 2017Finn O'Connor
34.9%
December 2017-Iona Campbell
34.8%
April 2017-Maggie Kinsella
33.6%
April 2017- Kyle Kelly
33.4%
January 2017-Shane Sweeney
28.3%
2002–2005, October 2017Johnno Dean
26.8%
March 2017-Lynette Drinkwell
26.7%
1997–2008, 2016 - January 2017Sam 'OB' O'Brien
26.5%
1999–2000, November 2017 - December 2017Mark Gibbs
22.7%
December 2017-Jenna Gibbs
21.2%
2006–2010, April 2017Zoe Carpenter
21.1%
2015 - March 2017Diego De La Cruz
20.6%
2016-Tabitha Maxwell-Brown
18.2%
2011–2014, November 2017Ruby Button
15.2%
1997–2002, 2015, December 2017Rory Finnigan
12.1%
August 2017-Jordan Cooper
10.6%

You're not logged in!

Compare scores with friends on all Sporcle quizzes.
Join for Free
OR
Log In

You Might Also Like...

Show Comments

Extras

Created Jan 2, 2017ReportNominate
Tags:2016, character, duration, occupation

Top Quizzes Today


Score Distribution

Your Account Isn't Verified!

In order to create a playlist on Sporcle, you need to verify the email address you used during registration. Go to your Sporcle Settings to finish the process.

Report this User

Report this user for behavior that violates our Community Guidelines.

Details: